[Event "CAN-op"]
[Site "Edmonton CAN"]
[Date "2000.07.13"]
[Round "7"]
[White "Harris, Greg"]
[Black "Hinds, Ronald"]
[Result "0-1"]
[WhiteElo "1787"]
[BlackElo "2049"]
[PlyCount "50"]
[GameId "2160767911694822"]
[EventDate "2000.07.08"]
[EventType "swiss"]
[EventRounds "10"]
[EventCountry "CAN"]

1. e4 c5 2. Nc3 Nc6 3. f4 g6 4. Nf3 Bg7 5. a4 e6 6. Bc4 Nge7 7. d3 O-O 8. Ne2 d5 9. Ba2 dxe4 10. dxe4 Qxd1+ 11. Kxd1 b6 12. c3 Rd8+ 13. Ke1 Ba6 14. Kf2 Rd7 15. Be3 Re8 16. Rae1 Bd3 17. Bb1 Na5 18. Bxd3 Rxd3 19. Nc1 Rd7 20. Ne2 Nc4 21. Bc1 Nc6 22. Rhf1 N6a5 23. b4 Nb3 24. bxc5 Nxc5 25. Kg1 Nxe4 0-1

[Event "CAN-op"]
[Site "Edmonton CAN"]
[Date "2000.07.13"]
[Round "7"]
[White "Hellsten, Ole"]
[Black "Xu, Sheng Jun"]
[Result "0-1"]
[WhiteElo "1979"]
[BlackElo "2100"]
[PlyCount "42"]
[GameId "2160767911694823"]
[EventDate "2000.07.08"]
[EventType "swiss"]
[EventRounds "10"]
[EventCountry "CAN"]

1. d4 Nf6 2. Nf3 g6 3. c4 Bg7 4. Nc3 O-O 5. e4 d6 6. Be2 e5 7. dxe5 dxe5 8. Qxd8 Rxd8 9. Nd5 Rd7 10. Nxe5 Nxd5 11. Nxd7 Nb4 12. Nxb8 Nc2+ 13. Kd1 Nxa1 14. Bf4 Rxb8 15. Bxc7 Ra8 16. Kc1 Be6 17. Kb1 Rc8 18. Ba5 Bxc4 19. Rc1 Bxa2+ 20. Kxa1 Rxc1+ 21. Kxa2 Rc2 0-1

[Event "CAN-op"]
[Site "Edmonton CAN"]
[Date "2000.07.13"]
[Round "7"]
[White "Hinds, Riana"]
[Black "Tsui, Alick"]
[Result "0-1"]
[WhiteElo "1295"]
[BlackElo "1106"]
[PlyCount "124"]
[GameId "2160767911694824"]
[EventDate "2000.07.08"]
[EventType "swiss"]
[EventRounds "10"]
[EventCountry "CAN"]

1. e4 c5 2. d4 cxd4 3. c3 dxc3 4. Nxc3 Nc6 5. Bd3 e5 6. Nf3 Bb4 7. Bd2 d6 8. O-O Bg4 9. Be3 Nge7 10. a3 Bxc3 11. bxc3 O-O 12. Rb1 Rb8 13. Be2 f5 14. exf5 Bxf5 15. Bd3 e4 16. Bc4+ d5 17. Bg5 dxc4 18. Qxd8 Rfxd8 19. Nh4 e3 20. Nxf5 e2 21. Nxe7+ Nxe7 22. Rfe1 Re8 23. Rxe2 Nd5 24. Rxe8+ Rxe8 25. Bd2 Re2 26. Rd1 Nc7 27. Kf1 Re6 28. Be3 Nb5 29. Rd8+ Kf7 30. Rd7+ Re7 31. Rxe7+ Kxe7 32. Bc5+ Ke6 33. Bb4 Kd5 34. Ke2 Ke4 35. f3+ Kf4 36. g3+ Kf5 37. h4 g6 38. Ke3 b6 39. g4+ Ke6 40. a4 Nc7 41. Kd4 a5 42. Ba3 b5 43. Bb2 bxa4 44. Kxc4 Ke5 45. Kc5 Kf4 46. c4 Kxf3 47. Kb6 Ne6 48. Bf6 Kxg4 49. Kxa5 Kf5 50. Bb2 Kg4 51. Kb5 Kxh4 52. Kc6 Kg5 53. Kb5 h5 54. Kxa4 Nc5+ 55. Kb4 Nd3+ 56. Kc3 Nxb2 57. Kxb2 h4 58. c5 Kf6 59. Kb3 h3 60. c6 Ke7 61. Kb4 Kd6 62. Kb5 Kc7 0-1

[Event "CAN-op"]
[Site "Edmonton CAN"]
[Date "2000.07.13"]
[Round "7"]
[White "Hughey, Micah"]
[Black "Boron, Anthony"]
[Result "1-0"]
[WhiteElo "2082"]
[BlackElo "1862"]
[PlyCount "87"]
[GameId "2160767911694826"]
[EventDate "2000.07.08"]
[EventType "swiss"]
[EventRounds "10"]
[EventCountry "CAN"]

1. d4 Nf6 2. Nf3 e6 3. c4 b6 4. a3 Bb7 5. Nc3 d5 6. Bg5 Be7 7. e3 O-O 8. Rc1 Re8 9. Bd3 Nbd7 10. O-O c5 11. Qe2 cxd4 12. exd4 a6 13. Rfd1 dxc4 14. Bxc4 b5 15. Ba2 Nb6 16. Ne5 Nfd5 17. Bxe7 Qxe7 18. Ne4 Rac8 19. Nc5 Ba8 20. Qd2 Nf6 21. Bb1 Red8 22. Qa5 Qd6 23. f3 Na4 24. b4 Nd7 25. Nexd7 Nb2 26. Rf1 Qxd4+ 27. Kh1 Nc4 28. Qxa6 Ne3 29. Nxe6 Qxd7 30. Nxd8 Rxd8 31. Rg1 Qd2 32. Rc8 Nd1 33. Rxd8+ Qxd8 34. Qa7 Nc3 35. h3 g6 36. Qe3 Nd1 37. Qe5 Nf2+ 38. Kh2 Qh4 39. Qg3 Qd4 40. Qb8+ Kg7 41. Re1 Bxf3 42. Qe5+ Qxe5+ 43. Rxe5 Bg4 44. Kg3 1-0

[Event "CAN-op"]
[Site "Edmonton CAN"]
[Date "2000.07.13"]
[Round "7"]
[White "Jewlal, Derrick"]
[Black "Planas, Rodolfo"]
[Result "1-0"]
[WhiteElo "1908"]
[BlackElo "1641"]
[PlyCount "114"]
[GameId "2160767911694827"]
[EventDate "2000.07.08"]
[EventType "swiss"]
[EventRounds "10"]
[EventCountry "CAN"]

1. e4 g6 2. f4 c6 3. Nf3 d5 4. exd5 cxd5 5. d4 Bg7 6. c3 Nc6 7. Bd3 Nh6 8. O-O Bf5 9. Qc2 e6 10. Nbd2 Rc8 11. Nb3 Nb4 12. Bb5+ Nc6 13. Qe2 O-O 14. Nc5 Qe7 15. Be3 Nb8 16. h3 b6 17. Nb3 Be4 18. Nbd2 Nf5 19. Bf2 Nd6 20. Ba4 Qf6 21. Bh4 Qxf4 22. Be7 Nf5 23. Nxe4 Nxe7 24. Ned2 Bh6 25. Rad1 Nf5 26. Rf2 Ng3 27. Qe1 Qe3 28. Ne5 Qxe1+ 29. Rxe1 Nf5 30. Nf1 Nd6 31. Ng3 b5 32. Bd1 Nc4 33. Ng4 Bg7 34. h4 h5 35. Nh2 Nd7 36. Ngf1 Bh6 37. g4 hxg4 38. Nxg4 Bg7 39. Ng3 Nd6 40. Ne3 Nf6 41. Ref1 Nfe4 42. Nxe4 Nxe4 43. Rg2 Nd6 44. h5 Nf5 45. Nxf5 exf5 46. hxg6 fxg6 47. Rxg6 b4 48. Rf3 Kh7 49. Rd6 bxc3 50. bxc3 Rxc3 51. Rxd5 Rc1 52. Rd3 f4 53. Kf2 Re8 54. Rh3+ Kg8 55. Bb3 Kf8 56. Rf5+ Ke7 57. Rh7 Rg8 1-0

[Event "CAN-op"]
[Site "Edmonton CAN"]
[Date "2000.07.13"]
[Round "7"]
[White "Kaptsan, Aron"]
[Black "Haynes, Nicolas"]
[Result "1-0"]
[WhiteElo "2073"]
[BlackElo "1795"]
[PlyCount "81"]
[GameId "2160767911694828"]
[EventDate "2000.07.08"]
[EventType "swiss"]
[EventRounds "10"]
[EventCountry "CAN"]

1. d4 Nf6 2. c4 e6 3. Nc3 d5 4. Bg5 c6 5. cxd5 exd5 6. Qc2 g6 7. e3 Bg7 8. Bd3 O-O 9. Nf3 Be6 10. h3 Nbd7 11. O-O h6 12. Bf4 Nh5 13. Bd6 Re8 14. Rab1 f5 15. b4 b5 16. a4 a6 17. a5 Rc8 18. Bh2 Rf8 19. Rfe1 g5 20. Ne2 g4 21. hxg4 fxg4 22. Ne5 Nxe5 23. Bxe5 Bxe5 24. dxe5 Qg5 25. g3 Qxe5 26. Nf4 Nxf4 27. exf4 Qf6 28. Re5 Rfe8 29. Rbe1 Bd7 30. Bg6 Re6 31. Rxe6 Bxe6 32. Re5 Kg7 33. Bh5 c5 34. bxc5 b4 35. Qe2 Rc6 36. Be8 Bc8 37. Bxc6 Qxc6 38. Qb2 Kf7 39. Qxb4 d4 40. Qb6 Qf3 41. Qc7+ 1-0

[Event "CAN-op"]
[Site "Edmonton CAN"]
[Date "2000.07.13"]
[Round "7"]
[White "Kazakevich, Alexander"]
[Black "Gibson, Vince"]
[Result "0-1"]
[WhiteElo "1752"]
[BlackElo "1446"]
[PlyCount "48"]
[GameId "2160767911694829"]
[EventDate "2000.07.08"]
[EventType "swiss"]
[EventRounds "10"]
[EventCountry "CAN"]

1. d4 Nf6 2. Nc3 g6 3. e4 d6 4. Be3 Bg7 5. Qd2 h6 6. h3 c6 7. f4 Qc7 8. Nf3 Nbd7 9. f5 e5 10. fxe6 fxe6 11. O-O-O Nb6 12. Bd3 e5 13. dxe5 dxe5 14. Nh4 Qf7 15. b3 Bd7 16. Bxb6 axb6 17. Qf2 O-O 18. Qxb6 Be6 19. Rhf1 Kh7 20. g4 Qe7 21. a4 Nd7 22. Qxb7 Rab8 23. Nxg6 Kxg6 24. Nd5 Qa3+ 0-1

[Event "CAN-op"]
[Site "Edmonton CAN"]
[Date "2000.07.13"]
[Round "7"]
[White "Kazakevich, Anastasia"]
[Black "Stone, Gerald"]
[Result "1-0"]
[WhiteElo "1608"]
[BlackElo "1501"]
[PlyCount "101"]
[GameId "2160767911694830"]
[EventDate "2000.07.08"]
[EventType "swiss"]
[EventRounds "10"]
[EventCountry "CAN"]

1. d4 d5 2. c4 e6 3. Nc3 Bb4 4. e3 Ne7 5. Nge2 O-O 6. a3 Bxc3+ 7. Nxc3 c6 8. Bd3 g6 9. O-O Qc7 10. cxd5 exd5 11. f3 Bf5 12. Bxf5 Nxf5 13. e4 dxe4 14. fxe4 Ne7 15. e5 b5 16. Bg5 Nd5 17. Bf6 Ne3 18. Qd2 Ng4 19. h3 Nxf6 20. exf6 Nd7 21. Qh6 Nxf6 22. Rxf6 a5 23. Ne4 Qe7 24. Ng5 Qe3+ 25. Kh1 Qxg5 26. Qxg5 Kg7 27. Rxc6 Rad8 28. Rb6 Kg8 29. d5 b4 30. axb4 axb4 31. Rxb4 Rd6 32. Rc1 Rfd8 33. Rb5 R6d7 34. Rc6 Kg7 35. d6 h6 36. Qe5+ Kg8 37. Rbb6 Ra7 38. Rc7 Ra1+ 39. Kh2 Raa8 40. d7 Kh7 41. Rc8 Rdxc8 42. dxc8=Q Rxc8 43. Rb8 Rxb8 44. Qxb8 h5 45. g4 hxg4 46. hxg4 Kg7 47. Kg3 f5 48. gxf5 gxf5 49. Kf4 Kf6 50. Qd6+ Kf7 51. Kxf5 1-0

[Event "CAN-op"]
[Site "Edmonton CAN"]
[Date "2000.07.13"]
[Round "7"]
[White "Kesteris, Imants"]
[Black "Goutor, Yaroslav"]
[Result "1-0"]
[WhiteElo "1744"]
[BlackElo "1493"]
[PlyCount "71"]
[GameId "2160767911694831"]
[EventDate "2000.07.08"]
[EventType "swiss"]
[EventRounds "10"]
[EventCountry "CAN"]

1. e4 e5 2. Nf3 Nc6 3. Bc4 Bc5 4. O-O d6 5. c3 Bg4 6. d3 Nf6 7. Bg5 h6 8. Bh4 g5 9. Bg3 Qd7 10. Nbd2 h5 11. h3 h4 12. Bh2 Bh5 13. Qc2 g4 14. Nxh4 gxh3 15. Nf5 hxg2 16. Kxg2 O-O-O 17. b4 Rdg8+ 18. Bg3 Bb6 19. a4 a5 20. bxa5 Nxa5 21. Rh1 Bg4 22. Nh6 Rf8 23. Bxf7 Rxh6 24. Rxh6 Qxf7 25. f3 Bh5 26. Rh1 Be3 27. Rxf6 Qxf6 28. Rxh5 Qg6 29. Rh3 Qg5 30. Nf1 Rg8 31. Qa2 b6 32. Nxe3 Rf8 33. Nf5 Nc6 34. d4 exd4 35. cxd4 Ne7 36. Qe6+ 1-0

[Event "CAN-op"]
[Site "Edmonton CAN"]
[Date "2000.07.13"]
[Round "7"]
[White "Kesteris, Thorston"]
[Black "Kleist, Carol"]
[Result "0-1"]
[WhiteElo "1152"]
[BlackElo "1607"]
[PlyCount "58"]
[GameId "2160767911694832"]
[EventDate "2000.07.08"]
[EventType "swiss"]
[EventRounds "10"]
[EventCountry "CAN"]

1. e4 e6 2. Nc3 d5 3. e5 c5 4. Nf3 a6 5. b3 Nc6 6. Bb2 Nge7 7. Bd3 Ng6 8. g3 Ncxe5 9. Bxg6 Nxg6 10. d3 Be7 11. Qe2 Bf6 12. O-O-O O-O 13. Nd2 Qa5 14. Ndb1 b5 15. a3 Bb7 16. f3 b4 17. Na4 Bxb2+ 18. Kxb2 Rfe8 19. c4 Bc6 20. Qc2 Ne5 21. d4 Nd7 22. cxd5 Bxa4 23. bxa4 cxd4 24. Qb3 bxa3+ 25. Qxa3 Rab8+ 26. Ka2 Qxd5+ 27. Ka1 Rb3 28. Qa2 d3 29. Nd2 Qd4+ 0-1

[Event "CAN-op"]
[Site "Edmonton CAN"]
[Date "2000.07.13"]
[Round "7"]
[White "Klokow, John"]
[Black "Olson, Hans"]
[Result "0-1"]
[WhiteElo "1783"]
[BlackElo "2044"]
[PlyCount "76"]
[GameId "2160767911694833"]
[EventDate "2000.07.08"]
[EventType "swiss"]
[EventRounds "10"]
[EventCountry "CAN"]

1. e4 e5 2. f4 Bc5 3. Nf3 d6 4. Nc3 Nc6 5. Na4 Bb6 6. Nxb6 axb6 7. d3 Bg4 8. Be2 Nf6 9. c3 Nh5 10. f5 h6 11. O-O Nf6 12. h3 Bxf3 13. Bxf3 Qe7 14. b4 b5 15. d4 O-O 16. d5 Nb8 17. Qd3 c6 18. Re1 Rd8 19. g4 Nh7 20. Be3 Nd7 21. Re2 Ndf6 22. h4 cxd5 23. g5 hxg5 24. hxg5 Nxe4 25. g6 Nhf6 26. Bb6 Rdc8 27. Rc1 Qd7 28. Bxe4 dxe4 29. gxf7+ Kxf7 30. Qh3 Rh8 31. Qg3 Qxf5 32. Rg2 Qh7 33. Rcc2 Qh1+ 34. Kf2 Qh4 35. Qxh4 Rxh4 36. Rd2 Ke6 37. Rxg7 e3+ 38. Bxe3 Ne4+ 0-1

[Event "CAN-op"]
[Site "Edmonton CAN"]
[Date "2000.07.13"]
[Round "7"]
[White "Kuczaj, Chris"]
[Black "Deimert, Elroy"]
[Result "1-0"]
[WhiteElo "2072"]
[BlackElo "1713"]
[PlyCount "95"]
[GameId "2160767911694834"]
[EventDate "2000.07.08"]
[EventType "swiss"]
[EventRounds "10"]
[EventCountry "CAN"]

1. Nf3 d5 2. g3 c5 3. Bg2 Nc6 4. O-O e5 5. d3 Be7 6. Nbd2 b5 7. c4 bxc4 8. dxc4 d4 9. Nxe5 Nxe5 10. Bxa8 Bh3 11. Bg2 Qd7 12. Qb3 Nc6 13. Qf3 Bxg2 14. Kxg2 Nf6 15. Ne4 O-O 16. b3 Ne5 17. Nxf6+ Bxf6 18. Qd5 Qxd5+ 19. cxd5 Ng6 20. Rb1 a5 21. e3 Re8 22. exd4 Bxd4 23. Be3 Rd8 24. Bxd4 cxd4 25. Rbc1 Rxd5 26. Rc8+ Nf8 27. Rd1 g6 28. h3 Kg7 29. Kf3 f5 30. Rc7+ Kf6 31. Ke2 Kg5 32. Rf7 Rd8 33. a3 h5 34. f4+ Kh6 35. h4 Ne6 36. b4 axb4 37. axb4 Re8 38. Kd2 Nd8 39. Rd7 Ne6 40. Re1 d3 41. Re3 Nf8 42. Rxe8 Nxd7 43. Kxd3 Nf6 44. Re7 Ne4 45. Rxe4 fxe4+ 46. Kxe4 Kg7 47. b5 Kf7 48. b6 1-0

[Event "CAN-op"]
[Site "Edmonton CAN"]
[Date "2000.07.13"]
[Round "7"]
[White "Lacroix, Peter"]
[Black "Chiba, James"]
[Result "1/2-1/2"]
[WhiteElo "1423"]
[BlackElo "1750"]
[PlyCount "57"]
[GameId "2160767911694835"]
[EventDate "2000.07.08"]
[EventType "swiss"]
[EventRounds "10"]
[EventCountry "CAN"]

1. e4 c5 2. Nf3 d6 3. d4 cxd4 4. Nxd4 Nf6 5. Nc3 g6 6. Be3 Bg7 7. Bc4 O-O 8. f3 Nc6 9. Qd2 Bd7 10. O-O-O Rc8 11. Bb3 Ne5 12. g4 Nc4 13. Bxc4 Rxc4 14. h4 b5 15. Ndxb5 Bxb5 16. Nxb5 Qb8 17. Nc3 Rfc8 18. Rdg1 Nd7 19. h5 Rb4 20. hxg6 Rxb2 21. gxf7+ Kxf7 22. Qd5+ e6 23. Qh5+ Kf8 24. Bh6 Bxh6+ 25. Qxh6+ Ke8 26. Qg5 Rxc3 27. Qh5+ Kd8 28. Qa5+ Ke8 29. Qh5+ 1/2-1/2

[Event "CAN-op"]
[Site "Edmonton CAN"]
[Date "2000.07.13"]
[Round "7"]
[White "Lauritson, Jim"]
[Black "Chranowski, Rick"]
[Result "0-1"]
[WhiteElo "2057"]
[BlackElo "1882"]
[PlyCount "72"]
[GameId "2160767911694836"]
[EventDate "2000.07.08"]
[EventType "swiss"]
[EventRounds "10"]
[EventCountry "CAN"]

1. e4 b6 2. d4 Bb7 3. Nc3 e6 4. a3 Nf6 5. Bd3 d5 6. e5 Nfd7 7. Nce2 c5 8. c3 Nc6 9. f4 g6 10. Nf3 Be7 11. O-O Qc7 12. Be3 Na5 13. Nd2 Qc6 14. Ng3 Nc4 15. Nxc4 dxc4 16. Be4 Qc7 17. Qf3 O-O-O 18. d5 exd5 19. Bxd5 b5 20. Bxb7+ Qxb7 21. Qxb7+ Kxb7 22. Rfd1 Nb6 23. Ne4 Kc6 24. Kf2 Na4 25. Rxd8 Rxd8 26. Rb1 Rd3 27. Kf3 h5 28. Nf2 Rd7 29. Ke2 a5 30. Nd1 b4 31. b3 Rxd1 32. Kxd1 Nxc3+ 33. Kc2 Nxb1 34. Kxb1 cxb3 35. Kb2 c4 36. axb4 Bxb4 0-1

[Event "CAN-op"]
[Site "Edmonton CAN"]
[Date "2000.07.13"]
[Round "7"]
[White "Lentini, Joseph"]
[Black "Goude, Brian"]
[Result "1-0"]
[WhiteElo "2153"]
[BlackElo "1868"]
[PlyCount "51"]
[GameId "2160767911694837"]
[EventDate "2000.07.08"]
[EventType "swiss"]
[EventRounds "10"]
[EventCountry "CAN"]

1. e4 d6 2. d4 Nf6 3. Nc3 g6 4. f3 Bg7 5. Be3 c6 6. Qd2 h5 7. O-O-O b5 8. Kb1 b4 9. Nce2 a5 10. Nc1 Qb6 11. Bd3 Ba6 12. Nge2 Bxd3 13. cxd3 Na6 14. h3 Nd7 15. f4 f5 16. g4 fxe4 17. dxe4 c5 18. gxh5 gxh5 19. Rhg1 Bh6 20. Ng3 O-O-O 21. Nf5 Bf8 22. Ne2 Qb5 23. Rc1 c4 24. Rg5 e5 25. Qd3 Nb6 26. b3 1-0

[Event "CAN-op"]
[Site "Edmonton CAN"]
[Date "2000.07.13"]
[Round "7"]
[White "Li, Zhuoran"]
[Black "Nystrom, Kurtis"]
[Result "1/2-1/2"]
[WhiteElo "1473"]
[BlackElo "1675"]
[PlyCount "98"]
[GameId "2160767911694838"]
[EventDate "2000.07.08"]
[EventType "swiss"]
[EventRounds "10"]
[EventCountry "CAN"]

1. e4 e5 2. Nf3 Nc6 3. Nc3 Nf6 4. Bb5 d6 5. h3 a6 6. Ba4 b5 7. Bb3 Na5 8. d4 Nxb3 9. axb3 Bb7 10. Bg5 Be7 11. dxe5 Nxe4 12. Bxe7 Qxe7 13. exd6 Nxd6+ 14. Qe2 Qxe2+ 15. Kxe2 O-O 16. Rhe1 Nf5 17. Kf1 Rfe8 18. Ne2 Bxf3 19. gxf3 Kf8 20. c4 Nh4 21. cxb5 axb5 22. Nd4 Rxe1+ 23. Rxe1 b4 24. f4 c5 25. Nb5 Ng6 26. f5 Nf4 27. Nc7 Rc8 28. Na6 Nd3 29. Re2 c4 30. Rc2 c3 31. bxc3 Rxc3 32. Nxb4 Rxb3 33. Rc8+ Ke7 34. Nd5+ Kd7 35. Rc7+ Kd6 36. Rxf7 Kxd5 37. Rxg7 Nf4 38. Ke1 Ke4 39. Rxh7 Kxf5 40. Kd2 Kg6 41. Rh4 Rb2+ 42. Kd1 Rxf2 43. Ke1 Rf3 44. Rh8 Nxh3 45. Ke2 Ra3 46. Rg8+ Kf5 47. Rf8+ Kg4 48. Rc8 Nf4+ 49. Kd2 Kf5 1/2-1/2

[Event "CAN-op"]
[Site "Edmonton CAN"]
[Date "2000.07.13"]
[Round "7"]
[White "Lipnowski, Michael"]
[Black "Hangartner, August"]
[Result "1-0"]
[WhiteElo "1618"]
[BlackElo "1896"]
[PlyCount "97"]
[GameId "2160767911694839"]
[EventDate "2000.07.08"]
[EventType "swiss"]
[EventRounds "10"]
[EventCountry "CAN"]

1. d4 d5 2. c4 e6 3. cxd5 exd5 4. Nc3 Nf6 5. Bg5 Be7 6. e3 c6 7. Bd3 h6 8. Bh4 Nbd7 9. Nf3 Qc7 10. O-O Bd6 11. Qc2 g5 12. Bg3 Bxg3 13. hxg3 Qd6 14. Rfe1 O-O 15. Rab1 a6 16. Rbd1 c5 17. dxc5 Qxc5 18. Nd4 Ne5 19. Bf1 Be6 20. Nf5 Ne4 21. Nd4 Rac8 22. Qb3 b5 23. Nxe6 fxe6 24. Nxe4 dxe4 25. Qxe6+ Nf7 26. Rd7 Qc6 27. Qf5 Rce8 28. Red1 Re6 29. Ra7 Rf6 30. Qd7 Qc5 31. a4 Rd8 32. Qxd8+ Nxd8 33. Rxd8+ Rf8 34. Rxf8+ Kxf8 35. Rxa6 bxa4 36. Rxa4 Qc2 37. Rb4 Kg7 38. Rb5 Qc6 39. b4 Kf6 40. Ra5 Ke7 41. b5 Qb7 42. Ra6 h5 43. Rh6 Qd5 44. b6 h4 45. b7 Qe5 46. Rb6 Qb8 47. gxh4 gxh4 48. Ba6 Kd7 49. Rb1 1-0

[Event "CAN-op"]
[Site "Edmonton CAN"]
[Date "2000.07.13"]
[Round "7"]
[White "Long, Hugh"]
[Black "Alipour, Iraj"]
[Result "1/2-1/2"]
[WhiteElo "1928"]
[BlackElo "1579"]
[PlyCount "71"]
[GameId "2160767911694840"]
[EventDate "2000.07.08"]
[EventType "swiss"]
[EventRounds "10"]
[EventCountry "CAN"]

1. e4 b6 2. Nf3 Bb7 3. d4 Bxe4 4. Bd3 Bb7 5. O-O g6 6. Bg5 Bg7 7. c3 Nf6 8. Nbd2 O-O 9. Qc2 d6 10. Rfe1 Nbd7 11. Re2 c5 12. Rae1 Re8 13. Bb5 a6 14. Bd3 b5 15. Qb1 c4 16. Bc2 Nd5 17. Ne4 N7f6 18. Nxf6+ Nxf6 19. Re3 Nd5 20. R3e2 Qd7 21. Be4 e6 22. h4 f5 23. Bc2 h6 24. Bd2 Nf6 25. Nh2 Bd5 26. f3 Nh5 27. Nf1 Qe7 28. Ne3 Qf7 29. Nxd5 exd5 30. Rxe8+ Rxe8 31. Rxe8+ Qxe8 32. Qe1 Qxe1+ 33. Bxe1 Kf7 34. g4 fxg4 35. fxg4 Nf6 36. Bd1 1/2-1/2

[Event "CAN-op"]
[Site "Edmonton CAN"]
[Date "2000.07.13"]
[Round "7"]
[White "Ludwig, David"]
[Black "Lee, Jason"]
[Result "0-1"]
[WhiteElo "1801"]
[BlackElo "1958"]
[PlyCount "46"]
[GameId "2160767911694841"]
[EventDate "2000.07.08"]
[EventType "swiss"]
[EventRounds "10"]
[EventCountry "CAN"]

1. c4 c5 2. Nc3 Nc6 3. g3 b6 4. Bg2 Bb7 5. e4 g6 6. Nge2 Bg7 7. O-O Nf6 8. f4 d6 9. d3 e6 10. f5 exf5 11. exf5 O-O 12. fxg6 fxg6 13. Bg5 Qd7 14. Qd2 Ne5 15. Ne4 Nxe4 16. Bxe4 Nxc4 17. dxc4 Bxe4 18. Bf4 Qh3 19. Rf2 g5 20. Qe3 Bb7 21. Bxd6 Rae8 22. Rxf8+ Rxf8 23. Nf4 gxf4 0-1

[Event "CAN-op"]
[Site "Edmonton CAN"]
[Date "2000.07.13"]
[Round "7"]
[White "Lynn, Jim"]
[Black "Bowles, Charles"]
[Result "1-0"]
[WhiteElo "1904"]
[BlackElo "1632"]
[PlyCount "56"]
[GameId "2160767911694842"]
[EventDate "2000.07.08"]
[EventType "swiss"]
[EventRounds "10"]
[EventCountry "CAN"]

1. c4 g6 2. Nf3 Bg7 3. g3 e5 4. Nc3 d6 5. Bg2 f5 6. O-O e4 7. Ne1 Nf6 8. d3 exd3 9. Nxd3 O-O 10. Bg5 Nbd7 11. b4 Ne5 12. Nxe5 dxe5 13. Qxd8 Rxd8 14. Nd5 Rf8 15. Nxc7 Rb8 16. Nd5 Nxd5 17. Bxd5+ Kh8 18. Be7 Re8 19. Bd6 Ra8 20. e4 f4 21. c5 fxg3 22. hxg3 Rd8 23. Kg2 Bf8 24. Bxe5+ Bg7 25. Bxg7+ Kxg7 26. a4 Rb8 27. b5 Kf6 28. f4 Be6 1-0

[Event "CAN-op"]
[Site "Edmonton CAN"]
[Date "2000.07.13"]
[Round "7"]
[White "MacFarlane, Donald"]
[Black "Daku, Zoltan"]
[Result "1-0"]
[WhiteElo "1484"]
[BlackElo "1717"]
[PlyCount "35"]
[GameId "2160767911694843"]
[EventDate "2000.07.08"]
[EventType "swiss"]
[EventRounds "10"]
[EventCountry "CAN"]

1. e4 e5 2. f4 exf4 3. Nf3 Be7 4. h4 Nf6 5. d3 d6 6. Bxf4 Bg4 7. Nbd2 Nc6 8. Be2 O-O 9. Ng5 Bxe2 10. Qxe2 Nd4 11. Qd1 h6 12. Nh3 Qd7 13. c3 Nc6 14. Qf3 Ng4 15. Nf2 Nxf2 16. Qxf2 Ne5 17. Qg3 Qg4 18. Bxe5 1-0

[Event "CAN-op"]
[Site "Edmonton CAN"]
[Date "2000.07.13"]
[Round "7"]
[White "MacFie, Bob"]
[Black "Nathani, Kaleim"]
[Result "1/2-1/2"]
[WhiteElo "1627"]
[BlackElo "1963"]
[PlyCount "85"]
[GameId "2160767911694844"]
[EventDate "2000.07.08"]
[EventType "swiss"]
[EventRounds "10"]
[EventCountry "CAN"]

1. f4 e5 2. fxe5 d6 3. exd6 Bxd6 4. Nf3 Nf6 5. g3 Be6 6. Nc3 Nbd7 7. Bg2 c6 8. O-O Qc7 9. Qe1 Ne5 10. d3 h5 11. Nxe5 Bxe5 12. Bf4 h4 13. d4 Bxd4+ 14. e3 Be5 15. Ne2 Ng4 16. gxh4 Bxf4 17. exf4 g5 18. Qc3 O-O-O 19. h3 Qb6+ 20. Kh1 Nf2+ 21. Kh2 Rxh4 22. Ng1 Rdh8 23. Rxf2 Qxf2 24. Rf1 Qb6 25. fxg5 Qc7+ 26. Qg3 Qxg3+ 27. Kxg3 Rd4 28. Nf3 Rdd8 29. h4 Bd5 30. Bh3+ Kb8 31. Ne5 Rhe8 32. Nd7+ Ka8 33. Nf6 Re3+ 34. Kh2 Re2+ 35. Kg3 Bxa2 36. Bf5 Be6 37. Bd3 Re3+ 38. Rf3 Re1 39. Kf2 Re5 40. Rg3 Bf5 41. h5 Bxd3 42. cxd3 a6 43. h6 1/2-1/2

[Event "CAN-op"]
[Site "Edmonton CAN"]
[Date "2000.07.13"]
[Round "7"]
[White "Mair, Bob"]
[Black "Taylor, William"]
[Result "0-1"]
[WhiteElo "1695"]
[BlackElo "2022"]
[PlyCount "76"]
[GameId "2160767911694845"]
[EventDate "2000.07.08"]
[EventType "swiss"]
[EventRounds "10"]
[EventCountry "CAN"]

1. b4 g6 2. Bb2 Nf6 3. g4 Bg7 4. h4 O-O 5. g5 Nh5 6. Bxg7 Nxg7 7. f4 d5 8. e3 d4 9. c3 dxc3 10. Nxc3 a5 11. b5 c6 12. Bg2 cxb5 13. Nxb5 Qd7 14. a4 Nc6 15. d4 Nf5 16. Qf3 Nd6 17. Nc3 Nb4 18. Rb1 Rb8 19. Nge2 Qg4 20. Kd2 Nc4+ 21. Ke1 Nd3+ 22. Kd1 Qxf3 23. Bxf3 Nf2+ 24. Ke1 Nxh1 25. Bxh1 Nxe3 26. Nb5 Bd7 27. Nec3 Bxb5 28. Rxb5 Nc2+ 29. Kf2 Nxd4 30. Rxa5 b6 31. Ra7 Rfc8 32. Nd5 Rc2+ 33. Ke3 Nf5+ 34. Kd3 Rc1 35. Be4 Rd8 36. Ke2 Ng3+ 37. Kf3 Nxe4 38. Kxe4 Re1+ 0-1

[Event "CAN-op"]
[Site "Edmonton CAN"]
[Date "2000.07.13"]
[Round "7"]
[White "Malito, Skylar"]
[Black "Haley, Phil"]
[Result "0-1"]
[WhiteElo "1505"]
[BlackElo "1828"]
[PlyCount "80"]
[GameId "2160767911694846"]
[EventDate "2000.07.08"]
[EventType "swiss"]
[EventRounds "10"]
[EventCountry "CAN"]

1. Nc3 Nf6 2. e4 d6 3. d4 Nbd7 4. f4 Nb6 5. Nf3 Bg4 6. h3 Bxf3 7. Qxf3 c6 8. Be3 e6 9. Bd3 d5 10. e5 Nfd7 11. O-O g6 12. g4 Bh6 13. Kh2 Qe7 14. f5 Bxe3 15. fxe6 fxe6 16. Qxe3 O-O-O 17. Rf2 Rdf8 18. Raf1 Rxf2+ 19. Rxf2 Rf8 20. Kg3 Rxf2 21. Qxf2 a6 22. b3 Kd8 23. Ne2 Qf8 24. Qe3 Qe7 25. Qh6 Nf8 26. Nf4 Nbd7 27. c4 Qa3 28. cxd5 cxd5 29. Qg7 Qxa2 30. Qg8 Qxb3 31. Nxe6+ Ke7 32. Nxf8 Nxf8 33. Qg7+ Ke8 34. Kh4 Qxd3 35. Qxb7 Qxd4 36. Qc8+ Kf7 37. Qc7+ Kg8 38. Qd6 Qf2+ 39. Kg5 h6+ 40. Kxh6 Qh4# 0-1

[Event "CAN-op"]
[Site "Edmonton CAN"]
[Date "2000.07.13"]
[Round "7"]
[White "Marghetis, Aris"]
[Black "Ramaswamy, Kiran"]
[Result "0-1"]
[WhiteElo "2009"]
[BlackElo "1749"]
[PlyCount "116"]
[GameId "2160767911694847"]
[EventDate "2000.07.08"]
[EventType "swiss"]
[EventRounds "10"]
[EventCountry "CAN"]

1. e4 c5 2. Nc3 Nc6 3. g3 g6 4. Bg2 Bg7 5. d3 d6 6. f4 Nf6 7. Nf3 O-O 8. O-O Rb8 9. Bd2 Bg4 10. h3 Bxf3 11. Bxf3 Nd4 12. Bg2 b5 13. Rb1 Qc7 14. e5 dxe5 15. fxe5 Nh5 16. Nd5 Qxe5 17. g4 Ne2+ 18. Kf2 Qg3+ 19. Kxe2 Qxg2+ 20. Ke1 Ng3 21. Qf3 Qxf1+ 22. Qxf1 Nxf1 23. Kxf1 e6 24. Ne3 Rb7 25. a3 f5 26. gxf5 exf5 27. Nd5 Rd7 28. c4 bxc4 29. dxc4 Rb7 30. b4 cxb4 31. axb4 a5 32. b5 a4 33. Bb4 Ra8 34. Ba3 Rd8 35. b6 Bd4 36. Ne7+ Kf7 37. c5 Kxe7 38. c6+ Kf6 39. cxb7 Rb8 40. Rd1 Ke5 41. Re1+ Kd5 42. Re7 Bxb6 43. Rxh7 Bc5 44. Bb2 a3 45. Bxa3 Bxa3 46. Rg7 Ke5 47. Rxg6 Rxb7 48. Rg8 Rh7 49. Kg2 Kf4 50. Ra8 Rg7+ 51. Kh2 Bd6 52. Rd8 Be5 53. Rd1 Kf3+ 54. Kh1 f4 55. h4 Rh7 56. Rd3+ Kg4 57. Kg2 Rxh4 58. Ra3 f3+ 0-1